Top Ten Most Famous Quiz #2 - Statistics

General Stats
  • This quiz has been taken 42 times
    28 since last reset
  • The average score is 14 of 40
Answer Stats
Rank Answer % Correct
2 Johann Sebastian Bach
88%
1 Ludwig van Beethoven
85%
3 Wolfgang Amadeus Mozart
85%
2 Plato
81%
1 Thomas Edison
81%
4 Socrates
73%
1 Angelina Jolie
69%
1 Aristotle
62%
5 Johannes Brahms
46%
4 Julia Roberts
46%
2 Benjamin Franklin
42%
6 Richard Wagner
42%
4 Alexander Graham Bell
38%
8 Friedrich Nietzsche
38%
8 Jennifer Lawrence
38%
3 Nikola Tesla
38%
10 Pyotr Ilyich Tchaikovsky
38%
7 Audrey Hepburn
35%
4 Frédéric Chopin
35%
3 René Descartes
35%
10 Confucius
31%
6 Leonardo da Vinci
31%
3 Scarlett Johansson
31%
5 Immanuel Kant
27%
10 Elizabeth Taylor
23%
7 Joseph Haydn
19%
9 Kate Winslet
19%
5 Archimedes
15%
7 Karl Marx
15%
2 Natalie Portman
15%
10 Alfred Nobel
12%
8 Franz Liszt
12%
8 George Washington Carver
12%
9 Samuel Morse
8%
9 Thomas Aquinas
8%
6 Charlize Theron
4%
5 Emma Stone
4%
9 Franz Schubert
0%
6 John Locke
0%
7 Tim Berners-Lee
0%
No matching quizzes found
Score Distribution
Percent of People with Each Score
Percentile by Number Answered
Your Score History
You have not taken this quiz since the last reset